[Event "Hanoi GM1 03"]
[Site "Hanoi"]
[Date "2024.03.23"]
[Round "7"]
[White "Kushagra, Mohan"]
[Black "Nguyen, Duc Hoa"]
[Result "1/2-1/2"]
[WhiteElo "2351"]
[BlackElo "2340"]
[PlyCount "96"]
[EventDate "2024.03.19"]
[EventType "tourn"]
[EventRounds "9"]
[EventCountry "VIE"]
[EventCategory "6"]
[SourceTitle "CB13_2024"]
[SourceDate "2024.03.27"]
[SourceVersion "1"]
[SourceVersionDate "2024.03.27"]
[SourceQuality "1"]

1. e4 c5 2. Nf3 Nc6 3. d4 cxd4 4. Nxd4 Nf6 5. Nc3 e5 6. Ndb5 d6 7. Bg5 a6 8. Na3 b5 9. Nd5 Be7 10. Bxf6 Bxf6 11. c3 Bg5 12. Nc2 Rb8 13. a4 bxa4 14. Ncb4 Nxb4 15. cxb4 Bd7 16. Bxa6 0-0 17. 0-0 g6 18. b3 axb3 19. Qxb3 Kh8 20. Bc4 f5 21. exf5 Bxf5 22. b5 Qc8 23. Qb4 Rd8 24. Ra7 Be4 25. Rc7 Qf5 26. Ne3 Bxe3 27. fxe3 Qg5 28. Qd2 Rf8 29. Rf2 Rf5 30. Rxf5 gxf5 31. g3 Qd8 32. Qa5 Ra8 33. Qb6 h5 34. h4 Ra1+ 35. Kf2 Ra8 36. Be6 f4 37. exf4 Qf6 38. Qe3 d5 39. Rc8+ Rxc8 40. Bxc8 exf4 41. gxf4 Qxh4+ 42. Ke2 Qh2+ 43. Ke1 Qh1+ 44. Ke2 Qg2+ 45. Ke1 Qb2 46. Qc5 Qb1+ 47. Kf2 Qb2+ 48. Ke1 Qb1+ 1/2-1/2

[Event "Hanoi GM1 03"]
[Site "Hanoi"]
[Date "2024.03.21"]
[Round "4"]
[White "Plat, Vojtech"]
[Black "Kushagra, Mohan"]
[Result "0-1"]
[WhiteElo "2528"]
[BlackElo "2351"]
[PlyCount "102"]
[EventDate "2024.03.19"]
[EventType "tourn"]
[EventRounds "9"]
[EventCountry "VIE"]
[EventCategory "6"]
[SourceTitle "CB13_2024"]
[SourceDate "2024.03.27"]
[SourceVersion "1"]
[SourceVersionDate "2024.03.27"]
[SourceQuality "1"]

1. d4 Nf6 2. Nf3 g6 3. b3 Bg7 4. Bb2 0-0 5. e3 d6 6. Be2 b6 7. 0-0 Bb7 8. c4 Nbd7 9. d5 e6 10. dxe6 fxe6 11. Nc3 e5 12. Rc1 Qe7 13. b4 c5 14. Nb5 Ne8 15. bxc5 dxc5 16. Qc2 e4 17. Nd2 Bxb2 18. Qxb2 Ne5 19. Rcd1 Nf3+ 20. Kh1 Rf5 21. g4 Rf7 22. Bxf3 exf3 23. Rg1 Rd8 24. Nc3 Qh4 25. Rg3 Nf6 26. Rdg1 Nxg4 27. Rxg4 Qxf2 28. Nd5 Bxd5 29. cxd5 Rxd5 30. Nc4 Qxb2 31. Nxb2 b5 32. Rf1 Rd2 33. Nd1 Rxa2 34. Nc3 Rb2 35. Nd5 a5 36. e4 Rd2 37. Rg5 Rd3 38. Re5 a4 39. Re8+ Kg7 40. Rc8 c4 41. Rb8 Rb3 42. e5 Rf5 43. Rb7+ Rf7 44. Rxf7+ Kxf7 45. Re1 f2 46. e6+ Ke8 47. Rf1 a3 48. Kg2 a2 49. Rd1 Rb1 50. Nc7+ Kf8 51. Rd8+ Kg7 0-1

[Event "Titled Tuesday intern op 12th Mar Early"]
[Site "Chess.com INT"]
[Date "2024.03.12"]
[Round "4"]
[White "Kushagra, Mohan"]
[Black "Skliarov, Viktor"]
[Result "1/2-1/2"]
[WhiteElo "2351"]
[BlackElo "2349"]
[PlyCount "206"]
[EventDate "2024.03.12"]
[EventType "swiss (blitz)"]
[EventRounds "11"]
[EventCountry "USA"]
[SourceTitle "CB12_2024"]
[SourceDate "2023.10.01"]
[SourceVersion "1"]
[SourceVersionDate "2023.10.01"]
[SourceQuality "1"]

1. e4 c5 2. Nf3 Nc6 3. d4 cxd4 4. Nxd4 Nf6 5. Nc3 e5 6. Ndb5 d6 7. Bg5 a6 8. Na3 b5 9. Nab1 Be7 10. Bxf6 Bxf6 11. a4 b4 12. Nd5 Bg5 13. Bc4 0-0 14. 0-0 Be6 15. Qd3 a5 16. c3 Bxd5 17. Bxd5 Rc8 18. Nd2 bxc3 19. bxc3 Bxd2 20. Qxd2 Ne7 21. c4 Rc5 22. Rab1 Nxd5 23. cxd5 Qc7 24. g3 h6 25. Rfc1 Rc8 26. Rxc5 Qxc5 27. Rb7 Qc1+ 28. Qxc1 Rxc1+ 29. Kg2 Rc4 30. f3 f5 31. exf5 Rd4 32. Rb5 Rxa4 33. Rb6 Rd4 34. Rxd6 a4 35. g4 a3 36. Ra6 e4 37. fxe4 Rxe4 38. h3 Rd4 39. d6 a2 40. Rxa2 Rxd6 41. Kg3 Kf7 42. Ra7+ Kf6 43. Ra3 Rb6 44. Kf4 g6 45. fxg6 Kxg6 46. h4 Rb4+ 47. Kg3 Rb6 48. Re3 Rc6 49. Rd3 Rb6 50. h5+ Kg7 51. Rd5 Ra6 52. Kf4 Ra4+ 53. Kf5 Ra7 54. Rb5 Rc7 55. Rb6 Rc5+ 56. Kf4 Rc4+ 57. Kg3 Rc3+ 58. Kh4 Rc5 59. Rb4 Kh7 60. Re4 Kg7 61. Kg3 Ra5 62. Kf4 Rb5 63. Re5 Rb7 64. Kf5 Rf7+ 65. Ke4 Ra7 66. Rb5 Ra4+ 67. Kf5 Ra7 68. Rc5 Rf7+ 69. Ke4 Ra7 70. Rc4 Rb7 71. Kf4 Rf7+ 72. Kg3 Ra7 73. Rf4 Rb7 74. Kh4 Ra7 75. Rf5 Rb7 76. Rd5 Ra7 77. Rd6 Ra5 78. Rd7+ Kg8 79. Kg3 Ra4 80. Kf3 Rb4 81. Re7 Ra4 82. Re4 Ra7 83. Kf4 Kg7 84. Re6 Ra4+ 85. Kf5 Ra5+ 86. Re5 Ra7 87. Re6 Ra5+ 88. Ke4 Ra4+ 89. Kf3 Ra3+ 90. Re3 Ra7 91. Kg3 Ra5 92. Kf4 Ra7 93. Re5 Ra4+ 94. Kf5 Ra7 95. g5 hxg5 96. Kxg5 Kh7 97. Rd5 Rb7 98. Rf5 Ra7 99. h6 Rb7 100. Kh5 Ra7 101. Rg5 Rb7 102. Rg7+ Rxg7 103. hxg7 Kxg7 1/2-1/2

[Event "IND-ch Blitz"]
[Site "Nashik"]
[Date "2024.03.07"]
[Round "4"]
[White "Jinan, Jomon"]
[Black "Kushagra, Mohan"]
[Result "0-1"]
[WhiteElo "2233"]
[BlackElo "2358"]
[PlyCount "186"]
[EventDate "2024.03.07"]
[EventType "swiss (blitz)"]
[EventRounds "11"]
[EventCountry "IND"]
[SourceTitle "CB11_2024"]
[SourceDate "2024.03.13"]
[SourceVersion "1"]
[SourceVersionDate "2024.03.13"]
[SourceQuality "1"]

1. c4 e5 2. Nc3 Nf6 3. Nf3 Nc6 4. e3 Bb4 5. Qc2 Bxc3 6. Qxc3 Qe7 7. d4 e4 8. Ng1 d5 9. Ne2 h5 10. h4 Bg4 11. Nf4 0-0-0 12. Bd2 Be6 13. b4 dxc4 14. b5 Nb8 15. Nxe6 fxe6 16. Bxc4 Nbd7 17. Rc1 Nb6 18. Bxe6+ Kb8 19. Bb3 Nfd5 20. Qc5 Qf6 21. a4 Rhf8 22. Rf1 Qxh4 23. a5 Rf6 24. axb6 axb6 25. Qa3 Rdf8 26. Kd1 Qg5 27. Ra1 Kc8 28. Kc2 Rxf2 29. Qxf8+ Rxf8 30. Rxf8+ Kd7 31. Raf1 Nf6 32. Rf7+ Ke8 33. Ra1 Nd5 34. Bxd5 Qxd5 35. Rxc7 Kd8 36. Rc3 Qxb5 37. Rb1 Qa4+ 38. Kc1 b5 39. Rcb3 Qc4+ 40. Kb2 h4 41. Rc1 Qe2 42. Rc2 Kd7 43. Rbc3 Qxg2 44. Rc7+ Ke6 45. Rxb7 h3 46. Rc6+ Kd5 47. Rc5+ Kd6 48. Rc2 Ke6 49. Bb4 Qg1 50. Rc6+ Kd5 51. Rc5+ Ke6 52. Rc6+ Kd5 53. Rc5+ Ke6 54. Re5+ Kf6 55. Rb6+ Kf7 56. Rb7+ Kg8 57. Rh5 h2 58. Rb8+ Kf7 59. Rbh8 Qf2+ 60. Kb3 Qxe3+ 61. Bc3 Qd3 62. Rxh2 Qc4+ 63. Kb2 b4 64. Be1 Qxd4+ 65. Kb1 Qd1+ 66. Kb2 Qxe1 67. Rc2 Qe3 68. Rhh2 Qd4+ 69. Kb3 e3 70. Rc7+ Kg8 71. Rcc2 Qd6 72. Rhe2 Qe7 73. Rc4 g5 74. Rxb4 Qe6+ 75. Rc4 g4 76. Kb4 g3 77. Rcc2 Kg7 78. Kc3 Qe4 79. Rg2 Qf3 80. Rce2 Kg6 81. Kd3 Kf5 82. Ra2 Kg4 83. Rge2 Kh3 84. Rac2 Qf4 85. Rb2 Qf3 86. Rbc2 Qf4 87. Rb2 Qe5 88. Ra2 Kg4 89. Rab2 Kf3 90. Ra2 Qd5+ 91. Kc3 Qc6+ 92. Kd4 Qd6+ 93. Kc3 Qc5+ 0-1

[Event "IND-ch Blitz"]
[Site "Nashik"]
[Date "2024.03.07"]
[Round "1"]
[White "Kushagra, Mohan"]
[Black "Chandwani, Prateek"]
[Result "1-0"]
[WhiteElo "2358"]
[BlackElo "1743"]
[PlyCount "54"]
[EventDate "2024.03.07"]
[EventType "swiss (blitz)"]
[EventRounds "11"]
[EventCountry "IND"]
[SourceTitle "CB11_2024"]
[SourceDate "2024.03.13"]
[SourceVersion "1"]
[SourceVersionDate "2024.03.13"]
[SourceQuality "1"]

1. e4 c5 2. Nc3 e6 3. Nf3 Nc6 4. d4 cxd4 5. Nxd4 a6 6. Nxc6 bxc6 7. Bd3 d5 8. 0-0 d4 9. Ne2 c5 10. c3 e5 11. f4 Qb6 12. Kh1 Bd6 13. fxe5 Bxe5 14. cxd4 cxd4 15. Bf4 Bxf4 16. Nxf4 Nf6 17. e5 Ng4 18. Nd5 Qc5 19. Be4 0-0 20. Rc1 Qa5 21. Ne7+ Kh8 22. Nxc8 Ne3 23. Qxd4 Nxf1 24. Bxa8 Nd2 25. Bd5 Rd8 26. Nd6 Rf8 27. Nxf7+ Kg8 1-0

[Event "IND-ch Blitz"]
[Site "Nashik"]
[Date "2024.03.07"]
[Round "3"]
[White "Kushagra, Mohan"]
[Black "Vaibhav, Jayant Raut"]
[Result "1-0"]
[WhiteElo "2358"]
[BlackElo "2110"]
[PlyCount "93"]
[EventDate "2024.03.07"]
[EventType "swiss (blitz)"]
[EventRounds "11"]
[EventCountry "IND"]
[SourceTitle "CB11_2024"]
[SourceDate "2024.03.13"]
[SourceVersion "1"]
[SourceVersionDate "2024.03.13"]
[SourceQuality "1"]

1. e4 c5 2. Nc3 Nc6 3. Bb5 Nd4 4. Nf3 Nxb5 5. Nxb5 d5 6. exd5 a6 7. Nc3 Nf6 8. 0-0 Nxd5 9. Ne4 e6 10. d4 cxd4 11. Qxd4 Nf6 12. Nxf6+ gxf6 13. Qh4 Bd7 14. Be3 Be7 15. Rad1 Qc7 16. c3 Rg8 17. Qxh7 0-0-0 18. Qxf7 Qc6 19. Kh1 Bd6 20. Qxf6 Rdf8 21. Qd4 Rxg2 22. Qxd6 Qxf3 23. Qxd7+ Kb8 24. Qd6+ Kc8 25. Qxe6+ Kb8 26. Qd6+ Kc8 27. Qxf8+ Qxf8 28. Kxg2 Qg8+ 29. Kf3 Qf7+ 30. Ke2 Qxa2 31. Rd2 Qc4+ 32. Rd3 Qb3 33. Rd2 Qc4+ 34. Ke1 Qe4 35. Ke2 Qc4+ 36. Rd3 Qb3 37. Bc1 Qc2+ 38. Ke3 Qb3 39. Rfd1 Qe6+ 40. Kf3 Qh3+ 41. Ke2 Qg4+ 42. Kd2 Qf4+ 43. Ke1 Qxh2 44. Be3 Qh1+ 45. Kd2 Qf3 46. Kc1 Qe2 47. Bb6 1-0

[Event "IND-ch Blitz"]
[Site "Nashik"]
[Date "2024.03.07"]
[Round "6"]
[White "Pimpalkhare, Vedant"]
[Black "Kushagra, Mohan"]
[Result "1/2-1/2"]
[WhiteElo "2182"]
[BlackElo "2358"]
[PlyCount "123"]
[EventDate "2024.03.07"]
[EventType "swiss (blitz)"]
[EventRounds "11"]
[EventCountry "IND"]
[SourceTitle "CB11_2024"]
[SourceDate "2024.03.13"]
[SourceVersion "1"]
[SourceVersionDate "2024.03.13"]
[SourceQuality "1"]

1. d4 Nf6 2. Nf3 e6 3. g3 d5 4. Bg2 Be7 5. 0-0 0-0 6. c4 dxc4 7. Ne5 Nd5 8. Nxc4 b5 9. Ne3 Bb7 10. Nxd5 Bxd5 11. e4 Bb7 12. Be3 a6 13. Nd2 Nd7 14. Rc1 Nb6 15. Qe2 Rc8 16. Rfd1 Kh8 17. h4 f5 18. d5 exd5 19. Bxb6 cxb6 20. Rxc8 Qxc8 21. exd5 Bf6 22. Nb3 Rd8 23. d6 Bxg2 24. Kxg2 h6 25. Qf3 Be5 26. Rd5 Qe6 27. Nd4 Bxd4 28. Rxd4 Rxd6 29. Rxd6 Qxd6 30. Qxf5 Qc6+ 31. Kh2 Qc4 32. Qf8+ Kh7 33. Qf5+ Kg8 34. a3 Qc5 35. Qe6+ Kf8 36. Kg2 a5 37. Qe2 b4 38. axb4 Qxb4 39. g4 Qd4 40. Qf3+ Kg8 41. b3 Qc5 42. Qa8+ Qf8 43. Qd5+ Kh8 44. g5 hxg5 45. hxg5 Qe8 46. Qf5 Qc6+ 47. Kg3 Qc3+ 48. f3 Qe1+ 49. Kg2 Qe2+ 50. Kg3 Qe1+ 51. Kg2 Qd2+ 52. Kg3 Qd6+ 53. Kg2 Qd2+ 54. Kh3 Qe1 55. g6 Qh1+ 56. Kg3 Qg1+ 57. Kh3 Qh1+ 58. Kg3 Qg1+ 59. Kh3 Qf1+ 60. Kg3 Qg1+ 61. Kh3 Qh1+ 62. Kg3 1/2-1/2

[Event "IND-ch Rapid"]
[Site "Nashik"]
[Date "2024.03.05"]
[Round "7"]
[White "Kushagra, Mohan"]
[Black "Nitin, Senthilvel"]
[Result "1-0"]
[WhiteElo "2218"]
[BlackElo "2266"]
[PlyCount "103"]
[EventDate "2024.03.04"]
[EventType "swiss (rapid)"]
[EventRounds "11"]
[EventCountry "IND"]
[SourceTitle "CB11_2024"]
[SourceDate "2024.03.13"]
[SourceVersion "1"]
[SourceVersionDate "2024.03.13"]
[SourceQuality "1"]

1. e4 g6 2. d4 Bg7 3. Nf3 c6 4. h3 d6 5. a4 Nf6 6. Nc3 0-0 7. Be2 Qc7 8. 0-0 e5 9. dxe5 dxe5 10. Be3 Nh5 11. Bc4 Nf4 12. Qb1 Qe7 13. Bxf4 exf4 14. Qc1 Qb4 15. Bb3 Bxc3 16. bxc3 Qxe4 17. a5 Qf5 18. Ra4 g5 19. Re1 Nd7 20. h4 h6 21. hxg5 hxg5 22. Qd2 Qf6 23. Rd4 Nc5 24. Re5 Nxb3 25. cxb3 Bf5 26. Rd6 Be6 27. Rxg5+ Kh7 28. Rg4 Rad8 29. Rxf4 Rxd6 30. Qxd6 Rd8 31. Qc7 Rd1+ 32. Kh2 Qg6 33. Qe5 Kg8 34. Rh4 Kf8 35. Qb8+ Ke7 36. Qxb7+ Bd7 37. Qxa7 Qd6+ 38. g3 c5 39. b4 Rd3 40. Re4+ Kf8 41. bxc5 Qh6+ 42. Rh4 Qf6 43. Qb8+ Ke7 44. Qe5+ Be6 45. Qxf6+ Kxf6 46. Nd4 Bd5 47. Rh5 Be4 48. f3 Ba8 49. Rh6+ Ke7 50. Ra6 Bd5 51. Rd6 Bc4 52. Nc6+ 1-0

[Event "Tamil Nadu IM 20th"]
[Site "Coimbatore"]
[Date "2024.03.02"]
[Round "7"]
[White "Kushagra, Mohan"]
[Black "Arjun, C Krishnamachari"]
[Result "1-0"]
[WhiteElo "2360"]
[BlackElo "2229"]
[PlyCount "83"]
[EventDate "2024.02.27"]
[EventType "tourn"]
[EventRounds "9"]
[EventCountry "IND"]
[SourceTitle "CB10_2024"]
[SourceDate "2024.03.06"]
[SourceVersion "1"]
[SourceVersionDate "2024.03.06"]
[SourceQuality "1"]

1. e4 c6 2. d4 d5 3. e5 Bf5 4. Nf3 e6 5. Be2 c5 6. c3 Nc6 7. 0-0 Qb6 8. dxc5 Bxc5 9. b4 Be7 10. Be3 Qc7 11. b5 Nb8 12. c4 dxc4 13. Nbd2 c3 14. Nc4 c2 15. Qd4 Bg6 16. Nd6+ Kf8 17. Nh4 Bxh4 18. Qxh4 Nd7 19. f4 Ne7 20. g4 Qc3 21. Qf2 Bd3 22. Bd4 Qd2 23. Bf3 Qxf2+ 24. Rxf2 Nd5 25. Bxd5 exd5 26. Rd2 Be4 27. Nxe4 dxe4 28. Rxc2 Nb6 29. Rc7 Nd5 30. Rxb7 Nxf4 31. Bc5+ Kg8 32. Rxa7 Rd8 33. Be7 Re8 34. b6 h5 35. b7 Kh7 36. Bd6 e3 37. Rb1 e2 38. Kf2 Nd3+ 39. Kxe2 Nxe5 40. Bxe5 Rxe5+ 41. Kf1 Ree8 42. Ra5 1-0

[Event "Tamil Nadu IM 20th"]
[Site "Coimbatore"]
[Date "2024.02.27"]
[Round "2"]
[White "Priyanka, K."]
[Black "Kushagra, Mohan"]
[Result "0-1"]
[WhiteElo "2099"]
[BlackElo "2360"]
[PlyCount "76"]
[EventDate "2024.02.27"]
[EventType "tourn"]
[EventRounds "9"]
[EventCountry "IND"]
[SourceTitle "CB10_2024"]
[SourceDate "2024.03.06"]
[SourceVersion "1"]
[SourceVersionDate "2024.03.06"]
[SourceQuality "1"]

1. e4 e5 2. Nf3 Nc6 3. Bb5 a6 4. Ba4 Nf6 5. d3 d6 6. c3 g6 7. 0-0 Bg7 8. Re1 0-0 9. h3 h6 10. a3 Kh8 11. d4 Nd7 12. Bc2 f5 13. exf5 gxf5 14. dxe5 dxe5 15. Nbd2 e4 16. Nh2 Nde5 17. Ndf1 Qh4 18. Ng3 Be6 19. Qh5 Qf6 20. f4 Nd3 21. Bxd3 exd3 22. Nf3 Rad8 23. Bd2 Kg8 24. Ne5 Bd5 25. Qg6 Nxe5 26. Qxf6 Rxf6 27. Rxe5 Rb6 28. Re3 Rxb2 29. Rxd3 Rd6 30. Rd1 Bb3 31. Rxd6 cxd6 32. Bc1 Rb1 33. Rf1 Bc4 34. Rd1 Bxc3 35. Kf2 Bb2 36. Bxb2 Rxd1 37. Bc3 Rd3 38. Bb4 Rd5 0-1

[Event "Tamil Nadu IM 19th"]
[Site "Tiruppur"]
[Date "2024.02.20"]
[Round "1"]
[White "Kushagra, Mohan"]
[Black "Dere, Pushkar"]
[Result "1/2-1/2"]
[WhiteElo "2360"]
[BlackElo "2223"]
[PlyCount "81"]
[EventDate "2024.02.20"]
[EventType "tourn"]
[EventRounds "9"]
[EventCountry "IND"]
[SourceTitle "CB09_2024"]
[SourceDate "2024.02.28"]
[SourceVersion "1"]
[SourceVersionDate "2024.02.28"]
[SourceQuality "1"]

1. e4 c6 2. d4 d5 3. e5 c5 4. c3 Nc6 5. Be2 Bf5 6. Nf3 e6 7. 0-0 a6 8. Be3 Qb6 9. Nbd2 cxd4 10. Nxd4 Nxd4 11. Bxd4 Qxb2 12. Qa4+ b5 13. Qa5 Be7 14. Qb6 Kf8 15. Rfd1 Qa3 16. c4 bxc4 17. Nxc4 dxc4 18. Bf3 Re8 19. Bc6 Qb4 20. Qxa6 Rd8 21. a3 Qb8 22. Qxc4 g5 23. a4 Kg7 24. a5 Qb4 25. Ra4 Qxc4 26. Rxc4 Ba3 27. a6 Ne7 28. Bb7 Nc8 29. g4 Nb6 30. Rc6 Bxg4 31. Rd3 Bb2 32. Rd6 Bxd4 33. R3xd4 Rxd6 34. exd6 Be2 35. a7 Bc4 36. d7 Bd5 37. Rb4 Nxd7 38. Bxd5 exd5 39. Rb7 Kf6 40. Rxd7 Ke6 41. Rb7 1/2-1/2

[Event "Titled Tuesday intern op 13th Feb Early"]
[Site "Chess.com INT"]
[Date "2024.02.13"]
[Round "4"]
[White "Kushagra, Mohan"]
[Black "Tokhirjonova, Gulruhbegim"]
[Result "1-0"]
[WhiteElo "2360"]
[BlackElo "2365"]
[PlyCount "71"]
[EventDate "2024.02.13"]
[EventType "swiss (blitz)"]
[EventRounds "11"]
[EventCountry "USA"]
[SourceTitle "CB08_2024"]
[SourceDate "2024.02.21"]
[SourceVersion "1"]
[SourceVersionDate "2024.02.21"]
[SourceQuality "1"]

1. e4 e5 2. Nf3 Nc6 3. Bb5 a6 4. Ba4 Nf6 5. 0-0 Nxe4 6. d4 b5 7. Bb3 d5 8. dxe5 Be6 9. Qe2 Be7 10. Rd1 0-0 11. c4 bxc4 12. Bxc4 Bc5 13. Be3 Bxe3 14. Qxe3 Qb8 15. Bb3 Na5 16. Nbd2 Qa7 17. Nxe4 Qxe3 18. fxe3 Nxb3 19. axb3 dxe4 20. Nd4 Bd5 21. Ra5 Rfd8 22. Rc1 c6 23. Rca1 g6 24. h3 Rab8 25. Rc1 Kg7 26. Rxa6 Bxb3 27. Nxc6 Rbc8 28. Rc3 Rd1+ 29. Kh2 Rd3 30. Nd4 Rcxc3 31. bxc3 Bc4 32. Rc6 Rxc3 33. Rc7 Kg8 34. Nb5 Rc2 35. Na3 Rc3 36. Nxc4 1-0

[Event "Titled Tuesday intern op 13th Feb Early"]
[Site "Chess.com INT"]
[Date "2024.02.13"]
[Round "2"]
[White "Shubenkova, Veronika"]
[Black "Kushagra, Mohan"]
[Result "1-0"]
[WhiteElo "2007"]
[BlackElo "2360"]
[PlyCount "83"]
[EventDate "2024.02.13"]
[EventType "swiss (blitz)"]
[EventRounds "11"]
[EventCountry "USA"]
[SourceTitle "CB08_2024"]
[SourceDate "2024.02.21"]
[SourceVersion "1"]
[SourceVersionDate "2024.02.21"]
[SourceQuality "1"]

1. d4 Nf6 2. e3 g6 3. f4 Bg7 4. Nf3 0-0 5. Bd3 b6 6. 0-0 Bb7 7. c3 d6 8. Nbd2 Nbd7 9. f5 e5 10. fxe6 fxe6 11. Qb3 Qe7 12. Re1 Kh8 13. e4 e5 14. d5 Nc5 15. Qc2 Nxd3 16. Qxd3 Nh5 17. Nf1 Nf4 18. Bxf4 Rxf4 19. Ng3 Raf8 20. Rf1 Bc8 21. Ne2 R4f7 22. Qe3 Bg4 23. Nd2 Qh4 24. Rxf7 Rxf7 25. Ng3 Bh6 26. Qd3 Qg5 27. Nc4 b5 28. Na3 a6 29. Nc2 Bg7 30. Rf1 Rxf1+ 31. Nxf1 h5 32. Nb4 Qc1 33. h3 Bd1 34. b3 a5 35. Nc6 a4 36. Qxb5 Qxc3 37. bxa4 Qc2 38. Ne7 Qxe4 39. Qe8+ Kh7 40. Qg8+ Kh6 41. Qf7 Qf4 42. Qxg6# 1-0

[Event "Indore op 2nd"]
[Site "Indore"]
[Date "2024.01.11"]
[Round "4"]
[White "Bajaj, Prakhar"]
[Black "Kushagra, Mohan"]
[Result "1-0"]
[WhiteElo "2255"]
[BlackElo "2374"]
[PlyCount "87"]
[EventDate "2024.01.09"]
[EventType "swiss"]
[EventRounds "10"]
[EventCountry "IND"]
[SourceTitle "CB03_2024"]
[SourceDate "2024.01.17"]
[SourceVersion "1"]
[SourceVersionDate "2024.01.17"]
[SourceQuality "1"]

1. e4 e5 2. Nf3 Nc6 3. Bb5 a6 4. Ba4 Nf6 5. 0-0 b5 6. Bb3 Bc5 7. c3 d6 8. d4 Bb6 9. a4 Rb8 10. a5 Ba7 11. h3 Bb7 12. Be3 Nxe4 13. Bd5 exd4 14. Nxd4 Nxd4 15. Bxd4 Bxd4 16. Qxd4 Bxd5 17. Qxd5 Nc5 18. b4 Ne6 19. Qc6+ Qd7 20. Qxa6 c6 21. Nd2 0-0 22. Nf3 Rfc8 23. Rad1 f6 24. Rfe1 Rc7 25. c4 Rcb7 26. cxb5 Rxb5 27. Rc1 c5 28. Rcd1 cxb4 29. Rxd6 Nc5 30. Rxd7 Nxa6 31. Ree7 b3 32. Rxg7+ Kf8 33. Rxh7 Kg8 34. Rdg7+ Kf8 35. Nd4 Re5 36. Rb7 Rxb7 37. Rxb7 Nc5 38. Rb8+ Kf7 39. Nxb3 Re1+ 40. Kh2 Rb1 41. Rb5 Nxb3 42. a6 Ra1 43. Rxb3 Rxa6 44. g4 1-0

[Event "Titled Tuesday intern op 12th Dec Early"]
[Site "Chess.com INT"]
[Date "2023.12.12"]
[Round "3"]
[White "Kushagra, Mohan"]
[Black "Zimmermann, Ulrich"]
[Result "0-1"]
[WhiteElo "2374"]
[BlackElo "2280"]
[PlyCount "58"]
[EventDate "2023.12.12"]
[EventType "swiss (blitz)"]
[EventRounds "11"]
[EventCountry "USA"]
[SourceTitle "CB51_2023"]
[SourceDate "2023.12.20"]
[SourceVersion "1"]
[SourceVersionDate "2023.12.20"]
[SourceQuality "1"]

1. e4 e6 2. d4 d5 3. Nd2 c5 4. exd5 Qxd5 5. Ngf3 cxd4 6. Bc4 Qd6 7. 0-0 Nf6 8. Nb3 Nc6 9. Nbxd4 Nxd4 10. Nxd4 a6 11. Re1 Bd7 12. c3 Qc7 13. Bf1 0-0-0 14. Qf3 Bd6 15. g3 Kb8 16. Bg5 h5 17. Rad1 h4 18. Bg2 hxg3 19. hxg3 e5 20. Nf5 Bc6 21. Qe2 Bxg2 22. Kxg2 Qc6+ 23. f3 Bc7 24. Rxd8+ Rxd8 25. Rd1 Rxd1 26. Qxd1 Nd5 27. Nxg7 f6 28. Bc1 Qd7 29. Nf5 Nf4+ 0-1

[Event "Qatar Masters op"]
[Site "Doha"]
[Date "2023.10.18"]
[Round "7"]
[White "Singh, Ojasva"]
[Black "Kushagra, Mohan"]
[Result "0-1"]
[WhiteElo "2324"]
[BlackElo "2412"]
[PlyCount "70"]
[EventDate "2023.10.11"]
[EventType "swiss"]
[EventRounds "9"]
[EventCountry "QAT"]
[SourceTitle "Mega2024 Update 01"]
[Source "Chessbase"]
[SourceDate "2023.11.12"]
[SourceVersion "1"]
[SourceVersionDate "2023.11.12"]
[SourceQuality "1"]

1. e4 e5 2. Nf3 Nc6 3. Bb5 a6 4. Ba4 Nf6 5. 0-0 d6 6. Bxc6+ bxc6 7. d4 exd4 8. Nxd4 c5 9. Nc6 Qd7 10. Na5 Qa4 11. Bd2 Be6 12. Re1 Nxe4 13. Qf3 d5 14. c4 0-0-0 15. cxd5 Bxd5 16. Qg4+ Kb8 17. f3 Qd4+ 18. Be3 Qb4 19. Rd1 Re8 20. fxe4 Qxa5 21. Nc3 Be6 22. Qg3 c4 23. Kh1 h5 24. Nd5 h4 25. Qf2 h3 26. b4 hxg2+ 27. Kg1 Qb5 28. a4 Qb7 29. b5 Bd6 30. bxa6 Bxh2+ 31. Kxg2 Qxa6 32. Rab1+ Kc8 33. Nb6+ cxb6 34. Rxb6 Qa8 35. Qc2 Bc7 0-1

[Event "Qatar Masters op"]
[Site "Doha"]
[Date "2023.10.14"]
[Round "4"]
[White "Aradhya, Garg"]
[Black "Kushagra, Mohan"]
[Result "1/2-1/2"]
[WhiteElo "2344"]
[BlackElo "2412"]
[PlyCount "109"]
[EventDate "2023.10.11"]
[EventType "swiss"]
[EventRounds "9"]
[EventCountry "QAT"]
[SourceTitle "Mega2024 Update 01"]
[Source "Chessbase"]
[SourceDate "2023.11.12"]
[SourceVersion "1"]
[SourceVersionDate "2023.11.12"]
[SourceQuality "1"]

1. d4 f5 2. Nf3 Nf6 3. c4 g6 4. g3 Bg7 5. Bg2 0-0 6. 0-0 d6 7. Nc3 Qe8 8. Re1 Qf7 9. Ng5 Qxc4 10. e4 fxe4 11. Ngxe4 Nxe4 12. Rxe4 Qf7 13. Rf4 Bf6 14. Nd5 Na6 15. h4 c6 16. Nxf6+ exf6 17. d5 Bd7 18. b4 Nc7 19. dxc6 Bxc6 20. Bb2 Qe6 21. Bf1 Rae8 22. a4 a6 23. Rc1 Kg7 24. Bg2 Qe2 25. Bxc6 bxc6 26. Ba1 Qxd1+ 27. Rxd1 d5 28. g4 Ne6 29. Rxf6 Rxf6 30. g5 Nf4 31. Bxf6+ Kf7 32. f3 Re3 33. Kf2 Rb3 34. b5 cxb5 35. axb5 axb5 36. Ra1 Nh5 37. Ra7+ Ke6 38. Re7+ Kd6 39. Rxh7 Nxf6 40. gxf6 Ke6 41. f7 Ke7 42. h5 gxh5 43. Rxh5 d4 44. Rd5 d3 45. Rd7+ Kf8 46. Ke3 d2+ 47. Kxd2 Rxf3 48. Rb7 Rxf7 49. Rxf7+ Kxf7 50. Kc3 Ke6 51. Kb4 Ke5 52. Kc5 b4 53. Kc4 b3 54. Kc3 b2 55. Kxb2 1/2-1/2

[Event "Tsaghkadzor op"]
[Site "Tsaghkadzor"]
[Date "2023.09.23"]
[Round "5"]
[White "Petrosyan, Manuel"]
[Black "Kushagra, Mohan"]
[Result "1/2-1/2"]
[WhiteElo "2610"]
[BlackElo "2410"]
[PlyCount "180"]
[EventDate "2023.09.20"]
[EventType "swiss"]
[EventRounds "9"]
[EventCountry "ARM"]
[SourceTitle "EXT 2024"]
[Source "ChessBase"]
[SourceDate "2023.10.10"]
[SourceVersion "1"]
[SourceVersionDate "2023.10.10"]
[SourceQuality "1"]

1. Nf3 Nf6 2. c4 c5 3. Nc3 Nc6 4. e3 e6 5. d4 d5 6. a3 a6 7. dxc5 Bxc5 8. b4 Bd6 9. Bb2 0-0 10. cxd5 exd5 11. Be2 Be6 12. 0-0 b5 13. g3 Qe7 14. Rc1 Ne5 15. Qd4 Nc4 16. Bxc4 dxc4 17. Ne4 Ne8 18. Nxd6 Qxd6 19. Rfd1 Rd8 20. Rd2 Qxd4 21. Nxd4 Nf6 22. f3 Rd7 23. e4 Rfd8 24. Bc3 h5 25. h4 Ne8 26. Rcd1 Nc7 27. Kf2 f6 28. Ke3 Bf7 29. Nc6 Rxd2 30. Rxd2 Rxd2 31. Bxd2 Kf8 32. Kd4 Ne6+ 33. Kc3 Ke8 34. Nb8 Kd8 35. Nxa6 Kc8 36. Be3 Kb7 37. Nc5+ Nxc5 38. Bxc5 Be6 39. Bf8 g6 40. Kd4 Kc6 41. Bg7 f5 42. Ke5 fxe4 43. fxe4 Bg4 44. Kf4 Kd6 45. Kg5 Ke6 46. Kxg6 Bf3 47. Bb2 Bg4 48. Kg5 Bf3 49. Kf4 Bg4 50. Ke3 Kd6 51. Kd4 Be6 52. Bc1 Bf7 53. Bg5 Be6 54. Bf4+ Kc6 55. Ke5 Bg4 56. Bd2 Bf3 57. Be1 Bg4 58. Bc3 Bf3 59. Kd4 Be2 60. Bb2 Bf3 61. e5 Be2 62. Bc1 Bd3 63. Bf4 Bf5 64. Bd2 Be6 65. Ke4 Bd7 66. Be1 Be6 67. Kd4 Bf7 68. g4 hxg4 69. Ke4 Bg6+ 70. Kf4 Kd5 71. Kg5 Be4 72. Kxg4 Kxe5 73. Bc3+ Ke6 74. Kg5 Kf7 75. a4 bxa4 76. b5 a3 77. Kf4 Bb7 78. Kf5 a2 79. b6 Bc6 80. h5 Kg8 81. Kg6 Be4+ 82. Kf6 Kh7 83. Ke5 Bb7 84. Kd4 Kh6 85. Kxc4 Kxh5 86. Kb3 Bd5+ 87. Kb2 Kg4 88. Be5 Kf5 89. b7 Bxb7 90. Kxa2 Kxe5 1/2-1/2